<?xml version="1.0" encoding="UTF-8"?>
<record
    xmlns:xsi="http://www.w3.org/2001/XMLSchema-instance"
    xsi:schemaLocation="http://www.loc.gov/MARC21/slim http://www.loc.gov/standards/marcxml/schema/MARC21slim.xsd"
    xmlns="http://www.loc.gov/MARC21/slim">

  <leader>00542cam1a220016900 4500</leader>
  <controlfield tag="005">20190819093738.0</controlfield>
  <controlfield tag="008">980326                                  </controlfield>
  <datafield tag="020" ind1=" " ind2=" ">
    <subfield code="a">2707310085</subfield>
  </datafield>
  <datafield tag="035" ind1=" " ind2=" ">
    <subfield code="a">(Sirsi) a141191</subfield>
  </datafield>
  <datafield tag="050" ind1=" " ind2="0">
    <subfield code="a">B3501</subfield>
    <subfield code="b">Bea 1985</subfield>
  </datafield>
  <datafield tag="100" ind1="1" ind2=" ">
    <subfield code="a">Beaufret, Jean</subfield>
    <subfield code="6">A110511.1</subfield>
  </datafield>
  <datafield tag="245" ind1="1" ind2="0">
    <subfield code="a">Dialogue avec Heidegger:</subfield>
    <subfield code="b">le chemin de Heidegger /</subfield>
    <subfield code="c">Jean Beaufret.</subfield>
  </datafield>
  <datafield tag="260" ind1=" " ind2=" ">
    <subfield code="a">Paris:</subfield>
    <subfield code="b">Minuit,</subfield>
    <subfield code="c">1985.</subfield>
  </datafield>
  <datafield tag="504" ind1=" " ind2=" ">
    <subfield code="a">Bibliography</subfield>
  </datafield>
  <datafield tag="650" ind1=" " ind2="0">
    <subfield code="a">Philosophy, -- Greek(modern)</subfield>
    <subfield code="x">Philosophy, -- Greek(modern)</subfield>
    <subfield code="6">S84429.1</subfield>
  </datafield>
  <datafield tag="650" ind1=" " ind2="0">
    <subfield code="a">Philosophy</subfield>
    <subfield code="6">S3111.1</subfield>
  </datafield>
  <datafield tag="999" ind1=" " ind2=" ">
    <subfield code="c">98162</subfield>
    <subfield code="d">98162</subfield>
  </datafield>
</record>
